[Event "Jakarta Makita Lakoni"]
[Site "Jakarta"]
[Date "2004.02.21"]
[Round "6"]
[White "Adianto, Utut"]
[Black "Juswanto, Denny"]
[Result "1-0"]
[WhiteElo "2591"]
[BlackElo "2505"]
[Annotator "Ftacnik,L"]
[PlyCount "77"]
[EventDate "2004.02.16"]
[EventType "tourn"]
[EventRounds "10"]
[EventCountry "INA"]
[EventCategory "10"]
[SourceTitle "CBM 100"]
[Source "ChessBase"]
[SourceDate "2004.06.01"]
[SourceVersion "1"]
[SourceVersionDate "2004.06.01"]
[SourceQuality "1"]

1. d4 Nf6 2. c4 e6 3. Nf3 b6 4. g3 Bb7 5. Bg2 Bb4+ 6. Bd2 a5 7. O-O O-O 8. Bg5
Be7 9. Nc3 Ne4 10. Bxe7 Qxe7 11. Qc2 Nxc3 12. Qxc3 d6 13. d5 $5 {New move, but
black is just fine even after taking on d5.} (13. Rfe1 f5 14. Nh4 Bxg2 15. Nxg2
Qf6 (15... Nd7 16. e4 Qf7 17. exf5 exf5 18. Nf4 Rfe8 19. b3 g5 20. Nd5 Nf6 {
1/2-1/2 Pashkov,A-Gaprindashvili,V/Rimavska Sobota 1996/ (42)}) 16. Qf3 c6 17.
Rad1 Ra7 18. e4 g5 19. exf5 exf5 20. Qe2 Raf7 21. f4 h6 22. Qe6 Nd7 23. Qxf6
Nxf6 24. Re6 {1-0 Schweber,S-Reinhardt,B/Moron 1981/ (41)}) (13. c5 Bd5 14.
Rfc1 dxc5 15. dxc5 Na6 16. cxb6 cxb6 17. Ne5 Bxg2 18. Kxg2 Nc5 19. f3 Qb7 20.
Nc4 Rfd8 21. b3 h6 22. Nxb6 Qxb6 23. Qxc5 Qxc5 24. Rxc5 {1-0 Schlindwein,
R-Titz,H/Austria 2002/ (72)}) (13. Ne1 Bxg2 14. Nxg2 Nd7 15. Ne3 f5 16. Rae1 f4
17. gxf4 Rxf4 18. Ng2 Rf6 19. f4 e5 20. e4 exf4 21. Rxf4 Raf8 22. Rxf6 Qxf6 23.
Qe3 c5 {0-1 Nordahl,H-Ovsejevitsch,S/Gausdal 2003/ (42)}) 13... e5 (13... exd5
14. Nd4 c5 15. Nf5 Qg5 16. Qc2 (16. Qf3 Qf6 17. Qf4 g5 18. Qf3 Nd7 19. cxd5 Ne5
$13) 16... Qf6 17. Ne3 Na6 18. a3 Nc7 19. Rfd1 Rfb8 20. Nxd5 Nxd5 21. Bxd5 b5
$11) 14. e4 Nd7 15. b3 c6 16. Nd2 (16. dxc6 Bxc6 17. Nh4 g6 18. Rad1 Nc5 $11)
16... cxd5 (16... a4 17. b4 Rfc8 18. Qd3 c5 $11) 17. cxd5 (17. exd5 f5 18. Rae1
a4 $13) 17... Ba6 18. Rfc1 Nc5 19. Qe3 (19. Bh3 Qg5 $1 20. a3 Nd3 21. Rd1 Qh5
$15) 19... f5 20. exf5 (20. a3 f4 21. gxf4 Rxf4 $15) 20... Rxf5 21. Bh3 (21. a3
Raf8 22. b4 Nd7 23. f3 $14) 21... Rh5 22. Bg4 Rh6 23. a3 Rf8 $2 {Juswanto
underestimates the potential of disruption against his light pieces on the
queenside.} (23... Rg6 24. Bf3 Qh4 25. Rc3 Qh3 26. Bg2 Qh5 $13) 24. Rc3 (24. b4
$1 Nd3 (24... Nd7 25. Rc7 $18) 25. Be2 Nxc1 26. Bxa6 Qc7 27. Ne4 Qa7 28. b5 Qa8
29. Rxc1 Qxd5 30. Rc6 $16) 24... Rg6 25. Bh3 Rgf6 26. f4 (26. b4 Na4 27. Rc2
Rxf2 28. Be6+ Kh8 29. Qxf2 Rxf2 30. Kxf2 Qf6+ 31. Kg2 Bb7 32. Kg1 e4 33. Rf1
Qd4+ 34. Kg2 h5 35. Rf5 Kh7 $13) 26... Qd8 (26... Re8 27. Re1 Rh6 28. Bg2 Qf7
29. b4 Na4 30. Rcc1 axb4 31. axb4 Bb7 $11) 27. fxe5 dxe5 28. Bg2 (28. Qxe5 Re8
29. Qd4 Ne6 30. Bxe6+ Rfxe6 31. Nc4 Re4 32. Qxb6 Qxd5 $15) 28... Rf2 $5 {
[%mdl 2048] Most asian players like active piece play and attacking chess.
Black pieces are becoming outright dangerous so Adainto has to react.} (28...
Bb7 29. Rd1 Bxd5 (29... Qe8 30. Nc4 Qh5 31. Re1 Nd7 $14) 30. Nc4 Bxc4 (30... e4
31. Qd4 Nd3 32. Rcxd3 exd3 33. Qxd5+ $18) 31. Rxd8 Rxd8 32. h4 Rd1+ 33. Kh2 Bd5
34. b4 $14) 29. Bf3 R8xf3 (29... Rxd2 30. Qxd2 e4 31. Bg4 $16) 30. Nxf3 Re2 31.
Qg5 (31. Qc1 Qxd5 32. Qg5 Qd7 $17) 31... Qf8 (31... Qxd5 $1 32. Rac1 h6 33. Qh5
Bd3 $1 $13) 32. Rf1 (32. b4 $2 Ne4 33. Qxe5 Nxc3 34. Qxc3 Qf5 35. Rf1 Rc2 36.
Qe3 Bxf1 $17) 32... Ne4 33. Qxe5 Nxc3 34. Qxc3 Qe7 $2 (34... Ra2 35. Rd1 Rxa3
36. d6 $18) (34... Qxa3 35. Nd4 Re8 36. Ne6 Rxe6 37. dxe6 Bxf1 38. Kxf1 $14)
35. Nd4 $1 {For the first time in this game white pieces are becoming
splendidly coordianated.} Ra2 (35... Re4 36. Nf5 Qd7 37. Rf2 $16) 36. Nf5 Qd7
37. Qc6 $1 Qd8 (37... Qxc6 38. Ne7+ Kh8 39. Rf8#) 38. Qe6+ Kh8 39. Nd6 (39. Qf7
Rg2+ 40. Kh1 $18) 1-0

[Event "URS-ch FL55"]
[Site "Lvov"]
[Date "1987.11.06"]
[Round "1"]
[White "Novikov, Igor A"]
[Black "Gavrikov, Viktor"]
[Result "0-1"]
[WhiteElo "2455"]
[BlackElo "2555"]
[Annotator "Gavrikov,V"]
[PlyCount "124"]
[EventDate "1987.11.??"]
[EventType "tourn"]
[EventRounds "17"]
[EventCountry "URS"]
[EventCategory "10"]
[SourceTitle "EXT 2018"]
[Source "ChessBase"]
[SourceDate "2017.10.13"]
[SourceVersion "1"]
[SourceVersionDate "2017.10.13"]
[SourceQuality "1"]

1. d4 Nf6 2. c4 e6 3. Nf3 b6 4. g3 Bb7 5. Bg2 c5 6. d5 exd5 7. Nh4 b5 {'!?'} 8.
cxd5 (8. cxb5 $5) 8... d6 9. O-O g6 10. a4 (10. e4 $5) 10... b4 11. Nd2 Bg7 12.
Nc4 Ba6 13. Qc2 O-O 14. a5 (14. Bf4 $6 Bxc4 15. Qxc4 Ne8) 14... Bxc4 15. Qxc4
Nbd7 16. Nf3 {'!'} Re8 17. Nd2 Qe7 18. e4 {'+/='} h5 {'!?'} (18... a6 19. h3 {
/\ f4}) 19. h3 {'?'} (19. Qa6 $5 {/\ Nc4+/=}) 19... h4 {'!'} 20. g4 (20. gxh4
Nh5) 20... Ne5 21. Qb3 {'?!'} (21. Qa6 $5) 21... g5 22. Re1 Nfd7 23. Bf1 Rab8 {
'=/+!'} 24. Ra2 Rec8 25. Bc4 Qf6 26. Qe3 {'/\ b3'} Nxc4 27. Nxc4 Ne5 {'!'} 28.
Nxe5 Qxe5 29. b3 {'[]'} (29. Qxg5 $2 Qxg5 30. Bxg5 b3 $19) 29... c4 {'!'} 30.
Bb2 Qf4 {'-/+!' 'Gavrikov,V'} 31. Bxg7 Qxe3 32. Rxe3 Kxg7 33. bxc4 Rxc4 34. Kg2
Re8 {'!'} 35. a6 {'?'} Rexe4 36. Rxe4 Rxe4 37. Ra5 b3 {'!'} 38. Rb5 Ra4 39.
Rxb3 Rxa6 40. Rb7 Ra5 41. Rd7 Rxd5 42. Rxa7 Kf6 {'-+'} 43. Ra8 Rd4 {'?!'} 44.
Re8 Ra4 45. Rg8 Ra5 46. Rb8 Ke6 47. Re8+ Kd7 48. Re4 f6 49. Rb4 Ra2 50. Rb3 Re2
{'!'} 51. Rb7+ Kc6 52. Rf7 Re6 53. f4 gxf4 54. Kf3 d5 55. Kxf4 d4 56. Rf8 d3 {
'!'} 57. Rd8 Rd6 58. Rc8+ Kb5 59. Rc1 d2 60. Rd1 Kc4 61. g5 fxg5+ 62. Kxg5 Rd4
0-1

[Event "Biel GM"]
[Site "Biel"]
[Date "2005.07.22"]
[Round "6"]
[White "Gelfand, Boris"]
[Black "Pelletier, Yannick"]
[Result "1/2-1/2"]
[WhiteElo "2724"]
[BlackElo "2603"]
[Annotator "Gelfand,B"]
[PlyCount "75"]
[EventDate "2005.07.17"]
[EventType "tourn"]
[EventRounds "10"]
[EventCountry "SUI"]
[EventCategory "16"]
[SourceTitle "CBM 108"]
[Source "ChessBase"]
[SourceDate "2005.09.26"]
[SourceVersion "1"]
[SourceVersionDate "2005.09.26"]
[SourceQuality "1"]

1. d4 Nf6 2. c4 e6 3. Nf3 b6 4. g3 Bb7 5. Bg2 Bb4+ 6. Bd2 a5 7. O-O Bxd2 8.
Qxd2 O-O 9. Rd1 $1 $146 d6 10. Qc2 (10. Nc3 Ne4 11. Nxe4 Bxe4 12. Qf4 f5 13.
Ng5 $140 Bxg2 14. Nxe6 Qf6 15. Nxc7 (15. Nxf8 Bb7) 15... Bb7 16. Nxa8 Bxa8 $13)
10... Be4 11. Qc1 Bb7 12. Qf4 Nbd7 $6 (12... Nh5 $5 13. Qe3 Nd7 14. Nc3 Qe7 15.
Qd3 (15. Bh3 $5 Rae8 (15... Nhf6 16. Qd3) 16. g4 Nhf6 17. g5 Nh5 18. Bg4 g6 19.
Bxh5 gxh5 20. d5 $14) (15. g4 Nhf6 16. g5 Nh5 (16... Ne8 17. d5) 17. Bh3 $6
Bxf3 18. exf3 g6 $132) 15... f5 16. e4 fxe4 17. Nxe4 Nhf6 18. Nc3 $14 (18. Nfg5
Nxe4 19. Nxe4 e5)) 13. Nc3 Re8 14. e4 e5 15. Qe3 $16 Qb8 (15... Qe7 16. Rd2)
16. Rac1 (16. Rd2 Ba6 17. b3 a4 18. dxe5 $5 (18. Rad1 axb3 19. axb3 Bb7 $14)
18... dxe5 19. Bh3 $14) 16... c6 (16... Ba6 17. b3) 17. Nh4 $1 g6 18. Bh3 $1 (
18. d5 Nc5 19. dxc6 Bxc6 20. Nf5 Re6 $14) (18. dxe5 dxe5 19. Qg5 Kh8 $14) 18...
Qc7 19. Rd2 (19. Qg5 Kh8 (19... exd4 20. Rxd4)) 19... Rad8 20. Rcd1 exd4 21.
Rxd4 $2 (21. Qxd4 $1 Ne5 22. b3 $16 g5 $140 23. Qe3) 21... Nc5 $2 (21... Ne5
22. b3) (21... d5 $1 22. cxd5 (22. Bxd7 Rxd7 23. Nf5 Re6 (23... c5 24. Rxd5
Bxd5 25. cxd5 Qe5)) 22... cxd5 23. Qf4 (23. Bxd7 Rxd7 24. Nf5 Re6 $1 (24... Qe5
25. Qg5 Qe6 26. g4 $1 $16 (26. Nh6+ Kg7 27. exd5 Qe5)) 25. Nh6+ (25. g4 Nxg4)
25... Kg7 26. g4 Nxe4 27. Nxe4 Rxe4 28. Qxe4 dxe4 29. Rxd7 Qc2 30. g5 Kf8 $11)
23... Qxf4 24. gxf4 Nc5 25. e5 (25. exd5 Nfe4 $44) 25... Nh5 26. Bg4 $14 Nxf4
27. Rxf4 g5 $132) 22. Nf5 $1 (22. f3 Ne6 (22... d5 23. Qg5 Qe5 24. Nf5 Nfd7 25.
f4 Qf6 26. Nh6+ Kg7 27. Bxd7 Nxd7 28. exd5 $16) 23. R4d2 Ba6 24. Bf1 $16) (22.
Qf4 Nh5 23. Qd2 Bc8 24. Bg2 Nb7 $16) 22... d5 (22... Ncxe4 23. Nxe4 Rxe4 24.
Rxe4 Nxe4 25. Qxe4 gxf5 26. Bxf5 $18) (22... Bc8 23. Nh6+ Kf8 24. Bxc8 Qxc8 25.
Qf4 $16) 23. cxd5 (23. Qh6 Ne6) 23... cxd5 24. Qh6 Ne6 (24... gxf5 25. Qg5+ Kf8
26. Qxf6 fxe4 27. Nxd5 $16) 25. exd5 $2 (25. Nxd5 $1 Nxd5 (25... Bxd5 26. exd5
gxf5 27. dxe6 Rxd4 28. Rxd4 Qe5 29. exf7+ Kxf7 30. Qd2 $18) 26. exd5 gxf5 27.
Bxf5 (27. dxe6 Rxd4 28. exf7+ Qxf7 29. Rxd4 Qg6 (29... Qxa2 30. Bf1 Qf7 31.
Qxb6) 30. Qxg6+ hxg6 31. f4 $16) 27... Nxd4 28. Bxh7+ Kh8 29. Rxd4 $18) 25...
gxf5 26. dxe6 Rxd4 27. Rxd4 Rxe6 $1 (27... Qc6 $2 28. Ne4 $1 Nxe4 29. exf7+ (
29. Bxf5 Nf6 30. Rg4+) 29... Kxf7 30. Rd7+) 28. Qd2 (28. Qg5+ Kf8 29. Qxf5 Re1+
30. Bf1 Qc6 31. f3 Ba6 32. Rd8+ (32. Rd1 Rxd1 33. Nxd1 Qc1) 32... Ke7 33. Rd1
Rxd1 34. Nxd1 Bxf1 35. Kxf1 Qc4+ $11) 28... Qc6 29. Rd8+ Re8 30. Rxe8+ Nxe8 31.
f3 $6 $138 (31. Kf1 Qh1+ 32. Ke2 $11) 31... Qxf3 32. Bg2 Qxg2+ 33. Qxg2 Bxg2
34. Kxg2 Nc7 35. Kf3 Kg7 36. Ke3 Kf6 37. Kd4 Ke6 38. Na4 (38. Na4 Nd5 39. Kc4
Kd6 40. Kb5 Kc7 41. Nc3 Ne3 42. Na4 $11) 1/2-1/2

[Event "Olympic team-Beersheva"]
[Site "Vingeit"]
[Date "1998.09.19"]
[Round "2"]
[White "Golod, Vitali"]
[Black "Kosashvili, Yona"]
[Result "0-1"]
[WhiteElo "2555"]
[BlackElo "2580"]
[Annotator "Golod,V"]
[PlyCount "84"]
[EventDate "1998.09.18"]
[EventType "match"]
[EventRounds "2"]
[EventCountry "ISR"]
[SourceTitle "CBM 068"]
[Source "ChessBase"]
[SourceDate "1999.02.01"]
[SourceVersion "1"]
[SourceVersionDate "1999.02.01"]
[SourceQuality "1"]

{The second and a last game from the training match Beer-Sheva-Olympic team
which was played a weak before The Olympiad in Elista.Besides Beer-Sheva won
this match with total score 5,5-2,5 despite I lost both my games.} 1. d4 Nf6 2.
c4 e6 3. g3 Bb4+ 4. Nd2 $5 ({Another line is:} 4. Bd2 $5) 4... d5 5. Bg2 O-O 6.
Ngf3 b6 $5 (6... dxc4 $5 {-is the main line}) ({other alternatives are:} 6...
c6 $5) (6... Nbd7 $5) (6... c5 $5) (6... a5 $5) (6... Ne4 $6) (6... Nc6 $6) 7.
O-O $5 {Besides,white has two options:} (7. cxd5 exd5 8. O-O Re8 9. Ne5 Bb7 10.
Ndc4 Qc8 11. Ne3 Bf8 12. b4 Qe6 13. Qb3 $13 {0-1 Mikhalevski,V-Milos,G/
Groningen 1996/EXT 97 (43)}) ({and} 7. Ne5 Bb7 8. a3 Be7 9. b4 Nbd7 10. O-O a5
11. b5 Nxe5 12. dxe5 Nd7 13. cxd5 Bxd5 14. Bxd5 exd5 15. Nf3 $11 {0-1 Gurevich,
D-Dzindzichashvili,R/USA-ch m 1990/CBM 21 (40)}) 7... Bb7 8. Qc2 $6 ({Was
checked in the previous games:} 8. cxd5 $5 exd5 9. Ne5 $5 (9. a3 $143 Bd6 10.
Ne5 Nbd7 11. Ndc4 Be7 12. Nxd7 Qxd7 13. Ne5 Qe6 14. Bf4 c5 $15 {0-1 Nedobora,
M-Pogorelov,R/Linares 1994/TD 94\02 (34)}) 9... c5 10. Nb3 Qe7 11. a3 cxd4 12.
Nf3 Bc5 13. Nfxd4 Ne4 14. Bf4 Na6 15. Rc1 $14 {1-0 Hansen,C-Garcia Palermo,C/
Malmo 1987/TD 87\06 (22)}) (8. a3 $6 Be7 (8... Bxd2 $143 9. Nxd2 a5 10. b3 c5
11. Bb2 Nbd7 {1/2-1/2 Lalic,B-Popovic,P/Sarajevo 1985/MCD-r8 (41) +/=/=}) 9. b4
Nbd7 10. Rb1 c6 11. Qc2 a5 12. Re1 {1/2-1/2 Sosonko,G-Keene,R/Mannheim 1975/
MCD-ch (12)}) (8. Ne5 $5 Re8 9. Ndf3 Bf8 10. Ng5 Re7 11. b3 h6 12. Ngf3 c5 13.
Bb2 Na6 14. Rc1 Rc8 15. e3 Rec7 $11 {1/2-1/2 Ivanchuk,V-Salov,V/Reggio Emilia
1992/CBM 27 (30)}) 8... Nbd7 9. e4 $2 $146 {Better is:9.Rd1/\b3,Bb2=;or 9.a3.}
dxe4 $1 ({After:} 9... Nxe4 10. Nxe4 dxe4 11. Ng5 {merely equality.}) 10. Ng5 (
{Worse is:} 10. Ne5 {in view of:} c5 $1 {[%csl Rd4,Re5]} (10... Bxd2 $6 11.
Bxd2 c5 12. Bc3 $1 $44) 11. Nxd7 Qxd7 12. dxc5 e3 $1 (12... Bxc5 $2 13. Nxe4
Nxe4 14. Bxe4 Bxe4 15. Qxe4 Rad8 16. Be3 {=/+/=}) 13. fxe3 Bxg2 14. Kxg2 Qc6+
$1 $17) 10... Bxd2 $1 11. Bxd2 c5 $1 {[%csl Rd4,Ge4][%cal Yd7c5,Yc5e4]} 12.
dxc5 $6 (12. Bc3 $142 $5 cxd4 (12... Rc8 $5) 13. Bxd4 e5 14. Bc3 Rc8 $5 15. b3
$140 b5 {[%csl Rc2,Rc3]} 16. Bb4 Re8 {=/+/=}) (12. Nxe4 $2 Bxe4 13. Bxe4 Nxe4
14. Qxe4 Nf6 $17 {[%csl Rd4]}) 12... Nxc5 $15 13. Bb4 {[%csl Re4][%cal Gb4c5]}
(13. Be3 Qd3 $1) 13... Qd4 $1 {[%mdl 2048]} 14. Bxc5 (14. Rad1 $6 Qe5 15. f4
Qf5 $1 $17) 14... bxc5 $1 ({After:} 14... Qxc5 $6 15. Nxe4 Bxe4 16. Bxe4 Rac8
17. b3 b5 18. Bd3 {black has a slight advantage in the endgame.}) 15. Rfe1 Rab8
$1 {[%csl Rb2]} 16. Rad1 $6 (16. Rab1 $1 {(very strong move!)} Qd3 $140 17.
Rbc1 $1 {[%csl Re4][%cal Yc2b2]} Rfd8 18. Nxe4 Nxe4 19. Bxe4 Bxe4 20. Rxe4 Rxb2
$1 21. Qxb2 Qxe4 22. Qa3 $1 $15 {[%csl Ra7,Rc5]}) ({Badly:} 16. b3 $2 {because
of:} e3 $1 {[%csl Ra1]} 17. fxe3 Qe5 {and black has a big positional advantage,
because of:weakness(Pe3,Kg1)}) 16... Qe5 $8 17. f4 {the best move.} ({Dubious :
} 17. Nxe4 {in view of} Bxe4 18. Bxe4 Nxe4 (18... Rxb2 $2 19. Bxh7+ $1 Nxh7 20.
Qxh7+ Kxh7 21. Rxe5 Rc8 22. Rd7 $11) 19. Rxe4 Qxb2 $17) 17... Qf5 18. b3 (18.
Nxe4 $143 Bxe4 19. Bxe4 Nxe4 20. Qxe4 (20. Rxe4 Rxb2 $1 21. Qxb2 Qxe4 $17)
20... Qxe4 21. Rxe4 Rxb2 22. Re5 Rxa2 23. Rxc5 g6 $5 $17 {[%cal Gf8b8,Gb8b2]})
18... Rbd8 $1 (18... Rfd8 $2 19. Nxe4 Bxe4 (19... Rxd1 $2 20. Nxf6+ $8 Qxf6 (
20... gxf6 $5 21. Qxd1 Bxg2 22. Kxg2 $11) 21. Rxd1 {+/=/=}) 20. Rxd8+ $1 (20.
Bxe4 $2 Rxd1 $1 {[%csl Re4]} 21. Bxf5 Rxe1+ 22. Kf2 Ra1 $17 {and -see comments
to-19.Ne4?}) 20... Rxd8 21. Bxe4 $11) 19. Rxd8 (19. Nxe4 $2 Bxe4 20. Bxe4 Rxd1
$1 {[%csl Re4]} (20... Nxe4 $2 21. Rxd8 Rxd8 22. Rxe4 $11) 21. Bxf5 $8 Rxe1+
22. Kf2 Ra1 23. Bd3 Rd8 $17 24. Be2 $140 $2 {[%csl Ra1][%cal Ge2f3]} Rd2 $1 $19
) 19... Rxd8 20. Nxe4 Kf8 $1 21. Qe2 $6 (21. Re2 $142 Bxe4 22. Bxe4 Nxe4 23.
Rxe4 $15 (23. Qxe4 $143 Qxe4 24. Rxe4 {-see the game})) 21... Bxe4 22. Bxe4
Nxe4 23. Qxe4 Qxe4 24. Rxe4 {[%mdl 4096]} Rd1+ 25. Kf2 $2 ({Can be recommended:
} 25. Kg2 $5 Rd2+ 26. Kh3 Ke7 $1 (26... Rxa2 $2 27. Re5 Ra5 (27... Rb2 $2 28.
Rxc5 Rxb3 29. Rc8+ Ke7 30. Rc7+ $11) 28. b4 Ra4 29. Rxc5 Rxb4 30. Rc8+ Ke7 31.
Rc7+ Kf6 32. Rxa7 Rxc4 $15 {_|_}) 27. a3 a5 $1 {=/+/-/+_|_} (27... Rd3 $2 28.
Re5 Rxb3 (28... Kd6 $143 29. b4 $11) 29. Rxc5 Rxa3 30. Rc7+ Kf6 31. c5 $15))
25... Rd2+ 26. Re2 $2 (26. Kf3 $142 $17) 26... Rxe2+ $1 $19 {Kosashvili
transfers to a winning pawn endgame.} 27. Kxe2 Ke7 28. Kd3 a5 $1 {[%csl Ra2,
Ya5,Rb3,Rc4,Yc5,Ge6,Gf7]} 29. g4 (29. Ke4 Kd6 {/\g6,f5+,e5}) 29... f6 {[%csl
Ge6,Gf6]} 30. a3 Kd6 31. Kc3 Kc7 ({Better is:} 31... g6 $1 {/\f5;e5.}) (31...
e5 $4 32. fxe5+ Kxe5 (32... fxe5 33. Kd3 Ke6 34. Ke4 $11) 33. b4 $8 cxb4+ 34.
axb4 a4 $6 (34... axb4+ $142 35. Kxb4 g6 36. c5 $1 (36. Kc5 $5 f5 37. gxf5 gxf5
38. Kb6 f4 39. c5 f3 40. c6 f2 41. c7 f1=Q 42. c8=Q $11) 36... f5 37. gxf5 gxf5
38. Ka5 $1 {[%csl Rb5,Yb6,Gf1][%cal Gf1b5,Ya5b6]} f4 39. c6 f3 40. c7 f2 41.
c8=Q f1=Q $11) 35. b5 g6 $8 (35... Kd6 $4 36. Kb4 g6 37. Kxa4 f5 38. gxf5 gxf5
39. Kb3 f4 40. Kc3 $18) 36. Kb4 $1 (36. c5 $4 Kd5 37. c6 Kd6 38. Kb4 f5 39.
gxf5 gxf5 40. Kxa4 (40. Ka5 Kc7 $1 (40... a3 $4 41. Kb6 a2 42. c7 a1=Q 43. c8=Q
{+/-/+/=}) 41. b6+ Kxc6 42. Ka6 a3 43. b7 a2 44. b8=Q a1=Q#) 40... f4 41. Ka5
Kc7 42. Ka6 f3 43. b6+ Kxc6 44. b7 f2 45. b8=Q f1=Q+ 46. Ka5 (46. Ka7 Qa1#)
46... Qa1+ 47. Kb4 Qb1+ $19) 36... f5 37. gxf5 gxf5 38. Kxa4 f4 39. b6 Kd6 40.
Kb5 f3 41. Ka6 $1 f2 42. b7 f1=Q 43. b8=Q+ {+/=}) 32. Kd3 g6 $1 {/\f5} 33. Kc3
Kd6 {[%cal Gf6f5]} 34. h3 f5 $1 {/\e5} 35. gxf5 ({Also loses:} 35. b4 cxb4+ 36.
axb4 a4 37. gxf5 gxf5 38. b5 e5 $1 (38... a3 $4 39. b6 Kc6 40. c5 e5 41. fxe5
f4 42. e6 f3 43. e7 Kd7 44. e8=Q+ Kxe8 45. b7 $18) 39. fxe5+ Kxe5 $19 {[%csl
Ga4,Gf5][%cal Ga4a3,Gf5f4]}) 35... gxf5 36. b4 cxb4+ 37. axb4 a4 $1 38. b5 (38.
c5+ $144 Kd5 39. Kb2 e5 40. fxe5 f4 $19) (38. Kd4 $144 a3 39. c5+ Ke7 $1 40.
Kc3 a2 41. Kb2 e5 42. fxe5 f4 43. b5 f3 44. b6 f2 45. b7 a1=Q+ 46. Kxa1 f1=Q+
$19) 38... e5 39. fxe5+ Kxe5 40. Kb4 Kd6 $5 (40... a3 $5 41. Kxa3 f4 $19) 41.
c5+ Kc7 42. Kxa4 f4 {Whole this game and espesially its final part Kosashvili
conducted very strong.} 0-1

[Event "Commonwealth-ch"]
[Site "New Delhi"]
[Date "2017.07.08"]
[Round "7"]
[White "Gupta, Abhijeet"]
[Black "Vaibhav, Suri"]
[Result "1-0"]
[WhiteElo "2625"]
[BlackElo "2530"]
[Annotator "Gupta,A"]
[PlyCount "93"]
[EventDate "2017.07.03"]
[EventType "swiss"]
[EventRounds "9"]
[EventCountry "IND"]
[SourceTitle "CBM 180"]
[Source "ChessBase"]
[SourceDate "2017.09.13"]
[SourceVersion "1"]
[SourceVersionDate "2017.09.13"]
[SourceQuality "1"]

{This was the 7th round of the 9 round event and Vaibhav was leading by half a
point.There were bunch of us who were trailing him so it was almost a
do-or-die situation for me.} 1. d4 Nf6 2. c4 e6 3. Nf3 Bb4+ {Surprise,suprise!
He had only played d5 throughout his life.} 4. Nbd2 O-O 5. g3 {An interesting
decision as he is a predominantly a QGD player and here he has to play some
sort of Queen's Indian position.} b6 6. Bg2 Bb7 7. O-O Be7 $5 {White is a move
up in the usual Queen's Indian but that move is N on d2 which is hindering
White from answering c5 with d5.} 8. Re1 (8. Nb1 $5 {I have got c5 and d5
covered with this move but any other waiting move like c6/Qc8 or ...a5 should
be fine for Black.}) (8. b3 c5 9. Bb2 cxd4 10. Nxd4 Bxg2 11. Kxg2 d5 $11) 8...
d5 (8... c5 9. e4 cxd4 10. Nxd4 $14) (8... Ne4 9. Ng5 $1 {This is even better
than Qc2:} (9. Qc2 Nxd2 (9... f5 10. Ne5) 10. Ng5 Bxg5 11. Bxb7 Nc6 12. Bxa8
Qxa8 13. Bxd2 Nxd4 14. Qd3 Bxd2 15. Qxd2 c5 {Black has compensation but it
shouldn't be enough}) 9... Bxg5 10. Nxe4 Bxc1 11. Rxc1 $14) 9. cxd5 exd5 10.
Ne5 (10. b3 {This was probably a better move order, one which limits Black's
options.}) 10... c5 11. b3 Na6 $6 (11... cxd4 {This wouldn't have been
possible had I started with b3-Bb2} 12. Bb2 (12. Nd3 Ne4 13. Nf3 Nc6 14. Bb2
Bf6 15. Nf4 Nc3 16. Qd2 Ne4 $11) 12... Bb4 13. Nd3 Bc3 14. Rc1 Ne4 15. Nxe4
dxe4 16. Bxc3 dxc3 17. Ne5 Na6 18. Rxc3 Qe7 19. Nc6 Bxc6 20. Rxc6 Rfd8 $11) 12.
Bb2 Re8 13. Rc1 Rc8 14. e3 (14. dxc5 Nxc5 (14... bxc5 15. e4 $1) 15. Ndf3 {
I could have gone for this but I didn't wanted to release the tension so soon.}
) 14... Qd6 15. Nd3 cxd4 {I don't see how Black can wait any longer here.} 16.
Rxc8 Bxc8 $2 {The beginning of a wrong plan.} (16... Rxc8 17. Bxd4 Nb4 18. Nxb4
Qxb4 19. Nf3 Ne4 20. Qa1 Bf8 21. Rc1 {It's not much but I keep a safe edge.})
17. Bxd4 Bf5 18. Nf4 Nb4 {This was his idea but he forgot an important
intermezzo.} 19. Bxf6 Qxf6 (19... Bxf6 20. Nc4 Qe7 21. Nxd5 Nxd5 22. Bxd5 {
A pawn is a pawn!}) 20. e4 $1 (20. Nxd5 $2 Nxd5 21. Bxd5 Bb4 22. Qe2 Qc3 {
Black has at least a draw here.}) (20. a3 {This was another option but seemed
too messy for me during the game or maybe e4 looked too beautiful to resist :)}
Nc2 (20... Nd3 21. Nxd5 Qe6 22. Rf1 $1) 21. Nxd5 Qb2 $4 22. Nc4 {[%cal Gd1d8,
Gd5e7]}) 20... dxe4 21. Nxe4 Bxe4 22. Rxe4 $1 {Surprisingly Black is
completely lost here.} Kf8 {After the game my opponent said that he had missed
my next move but I still feel that this is only way to not lose on the spot.}
23. Ne6+ $1 fxe6 24. Rf4 Qxf4 25. gxf4 Rd8 26. Qe2 Rd6 27. Bh3 Nd3 28. Qe4 Bf6
29. Bxe6 Nc5 30. Qa8+ Rd8 31. Qc6 (31. Bc8 Nd3 32. Qe4 (32. Qc6 Nxf4 33. Bd7
Be5 {Black still has chances to bulid a fortress here}) 32... Nxf4 33. Qxf4
Rxc8 34. Qf5) 31... Nxe6 32. Qxe6 {To be honest I wasn't completely sure
whether this is winning but as they say fortresses are meant to be broken :)}
Re8 33. Qd6+ Re7 (33... Kf7 34. Qd5+ Kf8 35. Kg2 g6 {hardly changes anything:}
36. f5 g5 37. Kg3 Kg7 38. Kg4) 34. Kg2 Kf7 35. Kg3 Kg8 36. Qd5+ Kf8 37. h4 Rc7
38. Qd6+ Re7 39. h5 h6 40. Kg4 Ke8 41. Qb8+ $1 {Not to let the black king run
the other way.} Kf7 42. Qc8 Re8 43. Qc4+ Kf8 44. Kf5 Re7 45. Kg6 Rd7 46. Qe6
Rc7 47. Qd6+ {With this win I managed to grab the lead and eventually win the
tournament for the third consecutive time!} 1-0